UBT Library

Working with political science research methods : (Record no. 1374)

000 -LEADER
fixed length control field 00550nam a22001697a 4500
008 - FIXED-LENGTH DATA ELEMENTS--GENERAL INFORMATION
fixed length control field 151119b xxu||||| |||| 00| 0 eng d
020 ## - INTERNATIONAL STANDARD BOOK NUMBER
International Standard Book Number 9780872894945
041 0# - LANGUAGE CODE
Language code of text/sound track or separate title eng
080 ## - UNIVERSAL DECIMAL CLASSIFICATION NUMBER
Universal Decimal Classification number 321
100 1# - Rafti
Rafti Johnson, Janet Buttolph,
245 10 - TITLE STATEMENT
Title Working with political science research methods :
Statement of responsibility, etc Janet Buttolph Johnson, H.T. Reynolds.
260 ## -
-- Washington, D.C. :
-- CQ Press,
-- c2005.
300 ## -
-- 171 f. :
-- me ill. ;
-- 24 cm.
650 #0 -
-- Shkenca politike
-- Metodologji
700 1# -
-- Reynolds, H. T.
942 ## - ADDED ENTRY ELEMENTS (KOHA)
Source of classification or shelving scheme
Item type Books
Holdings
Withdrawn status Lost status Source of classification or shelving scheme Damaged status Not for loan Collection code Permanent location Current location Shelving location Date acquired Total Checkouts Full call number Barcode Date last seen Koha item type Price effective from
          Koleksioni i përgjithshem UBT - Lipjan UBT - Lipjan Koleksioni i përgjithshem 11/19/2015   321 JOH 002-008683 11/19/2015 Books  
          Koleksioni i përgjithshem UBT - Lipjan UBT - Lipjan Koleksioni i përgjithshem 12/04/2015   321 JOH 002-008674 12/04/2015 Books 12/04/2015
UBT Library © 2015-2024. All rights reserved University Education for Business and Technology